| 000 | 003490000a22001570004500 | ||
|---|---|---|---|
| 003 | MACL | ||
| 040 | _aMACL | ||
| 090 |
_c3058 _d3058 |
||
| 100 | _aMehta, Nandini | ||
| 245 |
_aThe Best Of Khushwant Singh _bNot A Nice Man to Know |
||
| 260 |
_bPenguin Books _c1993 |
||
| 350 | _a125 | ||
| 650 | _aFicition | ||
| 942 |
_cBOOK _k823 |
||
| 951 | _o823 BOOK | ||
| 999 |
_c3036 _d3036 |
||